000 00624nam a22001937a 4500
005 20100812133850.0
010 _aENG-100065
020 _a9788122202588
_c240.00
035 _aEN-83597
037 _bDBAD/PUB
082 _a883
100 _aAnand, Mulk Raj
_911723
245 _aAcross the black waters /
_cby Mulk Raj Anand
260 _aNew Delhi
_bOrient Paperbacks
_c2008
270 _a5A/8, Ansari Road,
_bNew Delhi
_e110002
300 _a264p.
_c20cm (pbk)
942 _2ddc
_cEN
_h883
_mANA
999 _c41333
_d41333